La proteccin̤ de la salud a la nięz

Detalles Bibliográficos
Autor principal: Přez Fuentes, Gisela Mara̕
Formato: eBook
Lenguaje:español
Publicado: Madrid: Dykinson, 2020
Materias:
Acceso en línea:Acceso restringido

MARC

LEADER 00000nam a22000007a 4500
005 20201103221820.0
007 cr|||| ||||
008 201103s2020 es |||||s|||| 00||0 spa d
020 |a 978-84-1377-088-8 
035 |a 32297 
040 |a vLex 
090 |c 10833  |d 10833 
100 1 |a Přez Fuentes, Gisela Mara̕ 
245 1 2 |a La proteccin̤ de la salud a la nięz  |h [Recurso electrn̤ico] /  |c Gisela Mara̕ Přez Fuentes 
256 |a Servicio en ln̕ea 
260 |a Madrid:  |b Dykinson,  |c 2020 
300 |a 1 recurso electrn̤ico 
500 |a La Dra. Gisela M. Přez Fuentes ha dejado su impronta en las disciplinas del Derecho de la Persona y la vinculacin̤ con lo referente a la Bioťica y la proteccin̤ de la nięz, en el caso de la obra La Proteccin̤ de la Salud a la nięz, aborda la dimensin̤ jurd̕ica del derecho a la salud de una forma integral, que se trata en temas tan controvertidos como la polt̕ica de salud gratuita y la obligacin̤ del Estado, realizando as ̕una investigacin̤ exhaustiva en el derecho fundamental a la salud, principalmente en Mx̌ico desde el sistema jurd̕ico establecido hasta las problemt̀icas que existen en la aplicacin̤ de las polt̕icas pb︢licas, adentrǹdose en este caso en el estudio del interš superior de la nięz y el consentimiento informado. El libro se enriquece con criterios jurisprudenciales nacionales e internacionales, abordando as ̕el derecho comparado a travš de los casos ms̀ relevantes de la Corte Interamericana de Derechos Humanos. Otro dato importante de esta obra es lo referente al Programa de salud en grupos vulnerables, destacando niǫs con padecimientos como obesidad y cǹcer, as ̕como pueblos y comunidades indg̕enas. Lo trascendente de este libro es tambiň, la posibilidad que ofrece a los abogados en ejercicio para conocer cualquier necesaria labor de defensa y proteccin̤ al derecho a la salud a travš del litigio estratǧico sobre responsabilidad mďica en cuanto al derecho de las mujeres sobre su embarazo, planificacin̤ familiar, y las polt̕icas pb︢licas existentes sobre el cuidado de la nięz y el control sanitario ante riesgos de salubridad, as ̕como la responsabilidad institucional para garantizar la proteccin̤ de riesgos sanitarios mediante el estudio de casos y la normas nacionales e internacionales aplicables en caso de pandemia. La obra se nutre en este sentido con los resultados de la aplicacin̤ de instrumentos de medicin̤ cuantitativos y cualitativos, a travš de encuestas, entrevistas y experiencias sobre el litigio estratǧico en el caso de la proteccin̤ de la salud en la nięz rompiendo con las barreras disciplinarias para dar un salto cualitativo y acercarse a las visiones del Derecho moderno a fin de hacer realidad la transdisciplinariedad, tanto para abogados, estudiosos del Derecho, la sociologa̕, la bioťica y personal de la salud. 
506 1 |a Disponible solo en los productos indicados  |d vLex Global  |d vLex Global (Academic Edition, excluding Law Schools)  |d vLex Global (U.S. Academic Edition, Law Schools)  |d vLex Global (U.S. Academic Edition, excluding Law Schools)  |d vLex Global (Academic Edition, Law Schools) 
650 0 4 |a Derecho Civil  |z Espaą 
650 0 4 |a Persona  |z Espaą 
650 0 4 |a Derecho Constitucional  |z Espaą 
740 0 |a vLex Libros (Servicio en ln̕ea) 
856 4 0 |u http://vlex.com/source/proteccion-de-la-salud-a-la-ni-ez-32297  |z Acceso restringido 
942 |c BOOK 
999 0 |a Civil Law 
999 0 |a Person 
999 0 |a Constitutional Law